000 00288nam a22001337a 4500
008 171010b xxu||||| |||| 00| 0 eng d
020 _a2900000088887
041 _aeng
080 _23RD
_a316
100 _a50
101 _aSOC
245 _aPERSONALITY
_cFRIEDMAN,H.S
942 _2udc
_cBK
999 _c32913
_d32913